[Event "Macieja Memorial"]
[Site "Warsaw POL"]
[Date "2024.07.08"]
[Round "8.9"]
[White "Johannesson, Ingvar Thor"]
[Black "Kacprzak, Karol"]
[Result "0-1"]
[WhiteElo "2365"]
[BlackElo "2308"]
[EventDate "2024.07.08"]
[PlyCount "66"]

1.c4 e6 2.g3 d5 3.Bg2 Nf6 4.d4 Be7 5.Nf3 O-O 6.O-O c6 7.Nbd2 b6 8.Qc2 Bb7 9.e4 
Na6 10.b3 Rc8 11.Bb2 c5 12.exd5 exd5 13.Qf5 dxc4 14.Nxc4 Be4 15.Qh3 b5 16.Ne3 
c4 17.Rac1 Nb4 18.bxc4 Nd3 19.Rc2 Nxb2 20.Rxb2 bxc4 21.Rc1 Ba3 22.Rbc2 Bxc1 
23.Rxc1 c3 24.Ne5 Qxd4 25.N5g4 Bxg2 26.Nxf6+ Qxf6 27.Qxg2 Rfd8 28.Qe4 Qd4 
29.Qf5 g6 30.Qa5 Qd2 31.Rc2 Qd4 32.h4 Re8 33.Qg5 Rxe3 0-1

[Event "Macieja Memorial"]
[Site "Warsaw POL"]
[Date "2024.07.08"]
[Round "8.10"]
[White "Sengupta, Deep"]
[Black "Alvarado, Carlos"]
[Result "1-0"]
[WhiteElo "2350"]
[BlackElo "2040"]
[EventDate "2024.07.08"]
[PlyCount "37"]

1.d4 Nf6 2.Bf4 d5 3.e3 c6 4.Nf3 Bg4 5.c4 Bxf3 6.Qxf3 e6 7.Nc3 Bb4 8.Rc1 Ne4 
9.Bd3 Nxc3 10.bxc3 Ba3 11.Rb1 Qa5 12.O-O dxc4 13.Bxc4 Qa4 14.Bb3 Qa6 15.Qg3 O-O 
16.Bh6 g6 17.Qe5 f6 18.Qxe6+ Rf7 19.Qxf7+ 1-0

[Event "Macieja Memorial"]
[Site "Warsaw POL"]
[Date "2024.07.08"]
[Round "8.11"]
[White "Malek, Jan"]
[Black "Pires, Emanuel Joao Robarts"]
[Result "1-0"]
[WhiteElo "2344"]
[BlackElo "2032"]
[EventDate "2024.07.08"]
[PlyCount "94"]

1.c4 e5 2.Nc3 Nf6 3.Nf3 d6 4.g3 Be7 5.Bg2 O-O 6.O-O Re8 7.d4 exd4 8.Nxd4 Bf8 
9.b3 g6 10.Bb2 Bg7 11.Qc2 Na6 12.Rad1 Rb8 13.Qc1 Nc5 14.Rfe1 Nfe4 15.Nd5 c6 
16.Nf4 Qb6 17.Qc2 f5 18.e3 Bd7 19.h4 Rbd8 20.Nf3 Qc7 21.Bxg7 Kxg7 22.Qb2+ Kg8 
23.h5 g5 24.h6 Be6 25.Nh5 Qf7 26.Qg7+ Qxg7 27.Nxg7 Re7 28.Nd4 Rf8 29.g4 Bc8 
30.Ndxf5 Bxf5 31.Nxf5 Re6 32.f3 Nc3 33.Rd2 Rff6 34.Rc1 d5 35.Rxc3 dxc4 36.Rxc4 
b6 37.Rd8+ Rf8 38.Rcd4 Kf7 39.Rxf8+ Kxf8 40.Rd8+ Kf7 41.Bf1 Kf6 42.Bc4 Re5 
43.Rd6+ Ne6 44.Kf2 c5 45.f4 gxf4 46.exf4 Re4 47.Kg3 Re1 1-0

[Event "Macieja Memorial"]
[Site "Warsaw POL"]
[Date "2024.07.08"]
[Round "8.12"]
[White "Terkiewicz, Bruno"]
[Black "Zatonskih, Anna"]
[Result "0-1"]
[WhiteElo "2084"]
[BlackElo "2324"]
[EventDate "2024.07.08"]
[PlyCount "102"]

1.d4 d5 2.c4 e6 3.Nf3 Nf6 4.g3 Be7 5.Bg2 O-O 6.O-O dxc4 7.Qc2 a6 8.a4 Nc6 
9.Qxc4 Na5 10.Qc2 b6 11.Ne5 Bb7 12.Bxb7 Nxb7 13.Nc6 Qe8 14.e4 Bc5 15.Na5 bxa5 
16.dxc5 Qc6 17.Be3 Qxe4 18.Qb3 Rab8 19.Nd2 Qf5 20.Qc4 Ng4 21.Bd4 Rfd8 22.f3 Ne5 
23.Qc3 f6 24.Bxe5 Qxe5 25.Qxe5 fxe5 26.Ne4 Rd5 27.Rac1 Nd8 28.Rc2 Nc6 29.Kf2 h6 
30.Re1 Kf7 31.h4 Rb4 32.Rce2 Nd4 33.Rd2 Rb3 34.Nc3 Rxc5 35.Rd3 Rxb2+ 36.Ne2 
Rcc2 37.Re3 Kf6 38.Kf1 Nxe2 39.R1xe2 Rxe2 40.Rxe2 Rxe2 41.Kxe2 e4 42.fxe4 Ke5 
43.Ke3 g5 44.h5 c5 45.Kd3 g4 46.Kc4 Kxe4 47.Kxc5 e5 48.Kb6 Kf3 49.Kxa5 e4 
50.Kxa6 e3 51.Kb7 e2 0-1

[Event "Macieja Memorial"]
[Site "Warsaw POL"]
[Date "2024.07.08"]
[Round "8.14"]
[White "Maltsevskaya, Aleksandra"]
[Black "Patil, Harshal"]
[Result "1-0"]
[WhiteElo "2288"]
[BlackElo "1995"]
[EventDate "2024.07.08"]
[PlyCount "103"]

1.e4 c5 2.Nf3 d6 3.d4 cxd4 4.Nxd4 Nf6 5.Nc3 a6 6.g3 e5 7.Nb3 Be7 8.Bg2 O-O 
9.O-O Nbd7 10.a4 b6 11.Be3 Bb7 12.Nd2 Qc7 13.Qe2 Rac8 14.Rfd1 Rfd8 15.Rac1 Nc5 
16.b3 h5 17.Nd5 Bxd5 18.exd5 Qb7 19.Bg5 g6 20.h4 b5 21.axb5 axb5 22.Ra1 Rb8 
23.Ra5 Re8 24.Rda1 Ra8 25.Rxa8 Rxa8 26.Rxa8+ Qxa8 27.Qxb5 Qa1+ 28.Nf1 Qc3 
29.Qc4 Qxc4 30.bxc4 Kf8 31.Nd2 Nfd7 32.Be3 f5 33.Nb3 Na4 34.Bf1 Bd8 35.f3 Bb6 
36.Kf2 Bxe3+ 37.Kxe3 Nac5 38.Be2 Ke7 39.Na5 Kf6 40.Nb3 Na6 41.g4 hxg4 42.fxg4 
f4+ 43.Kf3 g5 44.h5 Ndc5 45.Bd3 Kg7 46.Be4 Nd7 47.Na5 Ndc5 48.Bf5 Nb4 49.Nc6 
Na2 50.Nd8 Nc3 51.Ne6+ Nxe6 52.dxe6 1-0

[Event "Macieja Memorial"]
[Site "Warsaw POL"]
[Date "2024.07.08"]
[Round "8.15"]
[White "Jedrusik, Adam"]
[Black "Gahan, M G"]
[Result "0-1"]
[WhiteElo "1998"]
[BlackElo "2237"]
[EventDate "2024.07.08"]
[PlyCount "160"]

1.d4 Nf6 2.c4 g6 3.Nc3 d5 4.Nf3 Bg7 5.Qb3 dxc4 6.Qxc4 O-O 7.e4 Nc6 8.Be2 Nd7 
9.Be3 Nb6 10.Qd3 Bg4 11.Rd1 f5 12.exf5 Bxf5 13.Qd2 Qd7 14.O-O Rad8 15.Rfe1 e5 
16.d5 Ne7 17.Bh6 Nexd5 18.Nxd5 Nxd5 19.Bc4 c6 20.Bxg7 Kxg7 21.Rxe5 Nb6 22.Qxd7+ 
Rxd7 23.Rxd7+ Bxd7 24.Bb3 Kf6 25.Re1 Re8 26.Rxe8 Bxe8 27.Kf1 g5 28.Ke2 Bh5 
29.Ke3 h6 30.Nd2 Ke5 31.f3 Bg6 32.g3 Bf5 33.f4+ gxf4+ 34.gxf4+ Kd6 35.Nf3 c5 
36.Nh4 Bb1 37.a3 c4 38.Bd1 Kc5 39.Bf3 Na4 40.Be4 Bxe4 41.Kxe4 Nxb2 42.f5 c3 
43.f6 c2 44.f7 c1=Q 45.f8=Q+ Kb6 46.Qb4+ Kc7 47.Qe7+ Kc6 48.Qe6+ Kb5 49.Qd5+ 
Ka6 50.Qd6+ b6 51.Nf5 Nc4 52.Qd3 b5 53.Nd6 Qh1+ 54.Kf5 Qc6 55.Nxc4 Qxc4 56.Qd6+ 
Ka5 57.Qd8+ Ka4 58.Qe7 a5 59.Kg6 Qc6+ 60.Kh7 b4 61.axb4 axb4 62.Qa7+ Kb3 
63.Qe3+ Qc3 64.Qe6+ Qc4 65.Qe3+ Kc2 66.Kxh6 b3 67.Qf2+ Kc3 68.Qe1+ Kb2 69.Qd2+ 
Qc2 70.Qd4+ Qc3 71.Qf2+ Kb1 72.Qf1+ Qc1+ 73.Qxc1+ Kxc1 74.h4 b2 75.h5 b1=Q 
76.Kg7 Qb7+ 77.Kg6 Qc6+ 78.Kg7 Qd7+ 79.Kg6 Qg4+ 80.Kh6 Kd2 0-1

[Event "Macieja Memorial"]
[Site "Warsaw POL"]
[Date "2024.07.08"]
[Round "8.16"]
[White "Tsiapko, Andrii"]
[Black "Sanz Wawer, Daniel"]
[Result "0-1"]
[WhiteElo "1930"]
[BlackElo "2216"]
[EventDate "2024.07.08"]
[PlyCount "58"]

1.d4 Nf6 2.c4 e6 3.Nf3 d5 4.g3 Bb4+ 5.Bd2 Be7 6.Bg2 O-O 7.O-O c6 8.Qc2 Nbd7 
9.Rc1 b6 10.cxd5 cxd5 11.Bf4 Ba6 12.Nc3 Qc8 13.a4 Qb7 14.Nb5 Rfc8 15.Qd1 Ne4 
16.Nc7 g5 17.Nxg5 Bxg5 18.Bxg5 Rxc7 19.Bxe4 dxe4 20.Bf4 Rxc1 21.Rxc1 Rc8 
22.Rxc8+ Qxc8 23.Bh6 Qd8 24.Qd2 Qf6 25.Bg5 Qg6 26.h4 f6 27.Bf4 Bb7 28.Qc2 e3 
29.Qc7 Qb1+ 0-1

[Event "Macieja Memorial"]
[Site "Warsaw POL"]
[Date "2024.07.08"]
[Round "8.17"]
[White "Smetek, Michal"]
[Black "Szustakowski, Antoni"]
[Result "1/2-1/2"]
[WhiteElo "1979"]
[BlackElo "2207"]
[EventDate "2024.07.08"]
[PlyCount "113"]

1.d4 Nf6 2.c4 e6 3.g3 d5 4.Nf3 Be7 5.Bg2 O-O 6.O-O c6 7.Qc2 b6 8.Nbd2 Bb7 9.e4 
dxc4 10.Nxc4 Nbd7 11.Rd1 c5 12.d5 exd5 13.exd5 Bxd5 14.Bf4 Qc8 15.Nd6 Bxd6 
16.Bxd6 Re8 17.h4 Be4 18.Qb3 Qb7 19.Ne1 Bxg2 20.Nxg2 Re4 21.Ne3 Rae8 22.Nf5 Ne5 
23.Bxe5 R4xe5 24.Nd6 Qe7 25.Nxe8 Qxe8 26.Qd3 h6 27.a4 Qe6 28.Qd8+ Kh7 29.Qd3+ 
g6 30.a5 Ng4 31.axb6 axb6 32.Qd7 Re1+ 33.Kg2 Qxd7 34.Rxd7 Rxa1 35.Rxf7+ Kg8 
36.Rb7 Ra6 37.Kf3 Ne5+ 38.Ke4 Nc4 39.Kd5 Nxb2 40.Ke6 Ra8 41.Kf6 Rf8+ 42.Kxg6 
Rxf2 43.Rb8+ Rf8 44.Rxb6 Rf2 45.Rb8+ Rf8 46.Rb7 Rc8 47.Rxb2 Rc6+ 48.Kf5 c4 
49.Rc2 Kf7 50.g4 Rc5+ 51.Kf4 Kf6 52.g5+ hxg5+ 53.hxg5+ Kg6 54.Ke4 Kxg5 55.Kd4 
Rc8 56.Rxc4 Rxc4+ 57.Kxc4 1/2-1/2

[Event "Macieja Memorial"]
[Site "Warsaw POL"]
[Date "2024.07.08"]
[Round "8.18"]
[White "Barwinska, Ewa"]
[Black "Zawadzka, Jolanta"]
[Result "0-1"]
[WhiteElo "1927"]
[BlackElo "2185"]
[EventDate "2024.07.08"]
[PlyCount "48"]

1.e4 c5 2.Nf3 Nc6 3.Bb5 d6 4.d4 cxd4 5.Nxd4 Bd7 6.O-O Nf6 7.Re1 e6 8.c4 Be7 
9.Nc3 O-O 10.Ba4 Rc8 11.Bc2 a6 12.b3 Qc7 13.Bb2 Rfd8 14.Rc1 Be8 15.Nxc6 bxc6 
16.Qe2 e5 17.Nd1 Nd7 18.Ne3 Nc5 19.b4 Ne6 20.Nf5 Bf8 21.Qg4 Kh8 22.Re3 Nf4 
23.Rg3 f6 24.h4 Bh5 0-1

[Event "Macieja Memorial"]
[Site "Warsaw POL"]
[Date "2024.07.08"]
[Round "8.19"]
[White "Mickiewicz, Piotr"]
[Black "Gbiorczyk, Mikolaj"]
[Result "1-0"]
[WhiteElo "2168"]
[BlackElo "1967"]
[EventDate "2024.07.08"]
[PlyCount "69"]

1.Nf3 g6 2.g3 Bg7 3.Bg2 e5 4.d3 d5 5.O-O Ne7 6.c4 O-O 7.Nc3 dxc4 8.dxc4 Nbc6 
9.Bg5 h6 10.Be3 Be6 11.Qa4 Nf5 12.Bc5 Re8 13.Rfd1 Qf6 14.Ne4 Qd8 15.Rxd8 Raxd8 
16.e3 Nfe7 17.Nc3 b6 18.Bxe7 Nxe7 19.Rd1 Rxd1+ 20.Qxd1 Bxc4 21.Qd7 Kf8 22.Qxc7 
Rc8 23.Qb7 Bf6 24.h4 Kg7 25.g4 Kf8 26.g5 hxg5 27.Nxg5 Kg7 28.Be4 Rh8 29.b3 Rxh4 
30.bxc4 Bxg5 31.Kf1 Rh8 32.Ke2 Rc8 33.Nd5 Rxc4 34.Nxe7 Rxe4 35.Qxe4 1-0

[Event "Macieja Memorial"]
[Site "Warsaw POL"]
[Date "2024.07.08"]
[Round "8.20"]
[White "Ptaszynski, Szymon"]
[Black "Padalka, Artem"]
[Result "0-1"]
[WhiteElo "1825"]
[BlackElo "2101"]
[EventDate "2024.07.08"]
[PlyCount "74"]

1.e4 c5 2.Nf3 d6 3.d4 cxd4 4.Nxd4 Nf6 5.Nc3 g6 6.f3 Bg7 7.Be3 Nc6 8.Qd2 O-O 
9.Be2 Nxd4 10.Bxd4 Be6 11.O-O Nd7 12.Bxg7 Kxg7 13.Nd5 Bxd5 14.exd5 Qb6+ 15.Kh1 
Qxb2 16.Rfb1 Qe5 17.c3 Nb6 18.Rb5 Rfc8 19.Rc1 Rc7 20.c4 Rac8 21.f4 Nxc4 22.fxe5 
Nxd2 23.Rxc7 Rxc7 24.g3 dxe5 25.Kg2 Ne4 26.Rb4 Nc3 27.Bc4 a5 28.Rb5 Rxc4 
29.Rxa5 b5 30.Kf2 Rd4 31.Ra3 Nxd5 32.Ra5 b4 33.Rb5 Kf6 34.Ke1 Nc3 35.Rb6+ e6 
36.Ra6 e4 37.Ra7 e3 0-1

[Event "Macieja Memorial"]
[Site "Warsaw POL"]
[Date "2024.07.08"]
[Round "8.21"]
[White "Kanarek, Marcel"]
[Black "Ashwath, Kaushik"]
[Result "0-1"]
[WhiteElo "2389"]
[BlackElo "1881"]
[EventDate "2024.07.08"]
[PlyCount "104"]

1.e4 c5 2.Nf3 d6 3.d4 cxd4 4.Nxd4 Nf6 5.Nc3 a6 6.a4 e5 7.Nf3 h6 8.Bc4 Be6 9.Qe2 
Qc7 10.Bxe6 fxe6 11.O-O Nc6 12.Rd1 O-O-O 13.Rb1 g5 14.b4 g4 15.Nh4 Nd4 16.Qd3 
Kb8 17.Ne2 Qxc2 18.Qxc2 Nxc2 19.Ng6 Rg8 20.Nxf8 Rgxf8 21.Bxh6 Rf7 22.Rb2 Nd4 
23.Nxd4 exd4 24.Rxd4 e5 25.Rc4 b5 26.axb5 axb5 27.Rc1 Nxe4 28.Re2 d5 29.Be3 Rc8 
30.Rxc8+ Kxc8 31.Rc2+ Kb7 32.h4 gxh3 33.gxh3 d4 34.Bc1 d3 35.Ra2 Rd7 36.Bd2 
Nxd2 37.Rxd2 e4 38.Kf1 Kc6 39.Ke1 Rd6 40.Ra2 Rd4 41.Ra6+ Kd5 42.Kd2 Rxb4 43.h4 
Rb2+ 44.Ke1 Re2+ 45.Kf1 Rb2 46.Ra8 Kc4 47.Rc8+ Kb3 48.Rd8 Kc2 49.Rc8+ Kb1 
50.Ke1 Rc2 51.Rb8 Kc1 52.Rd8 d2+ 0-1

[Event "Macieja Memorial"]
[Site "Warsaw POL"]
[Date "2024.07.08"]
[Round "8.22"]
[White "Nasuta, Grzegorz"]
[Black "Wiech, Grzegorz"]
[Result "1-0"]
[WhiteElo "2420"]
[BlackElo "1997"]
[EventDate "2024.07.08"]
[PlyCount "117"]

1.e4 c5 2.Nf3 d6 3.Bb5+ Bd7 4.Bxd7+ Qxd7 5.c4 Nc6 6.d4 cxd4 7.Nxd4 Nf6 8.Nc3 e6 
9.Be3 Be7 10.O-O O-O 11.Rc1 Rac8 12.b3 Rfe8 13.Re1 Nxd4 14.Qxd4 b6 15.f3 Qb7 
16.Red1 Nd7 17.Nb5 d5 18.exd5 Bc5 19.Qd2 Bxe3+ 20.Qxe3 exd5 21.Qd2 Qb8 22.Qxd5 
Nf6 23.Qd6 a6 24.Qxb8 Rxb8 25.Nd4 g6 26.Kf2 Kg7 27.Rd2 Rbc8 28.Ne2 b5 29.c5 b4 
30.Rd6 Re5 31.c6 Ne8 32.Rd7 Rc7 33.Nf4 Kf8 34.Rc4 a5 35.Nd3 Re6 36.Rxc7 Nxc7 
37.Rc5 Ke7 38.Rxa5 Rxc6 39.Nxb4 Rc1 40.Re5+ Kd6 41.Re2 Ra1 42.Ke3 Ne6 43.Rd2+ 
Kc5 44.Nd3+ Kb5 45.Nf4 Nxf4 46.Kxf4 f6 47.Rc2 Kb4 48.Ke4 Re1+ 49.Kd5 Re8 50.h4 
Ka3 51.Kd4 Re7 52.g4 Re8 53.Rc7 Kxa2 54.Rxh7 Kxb3 55.Rg7 g5 56.hxg5 fxg5 
57.Rxg5 Rf8 58.Ke4 Kc4 59.Rf5 1-0

[Event "Macieja Memorial"]
[Site "Warsaw POL"]
[Date "2024.07.08"]
[Round "8.23"]
[White "Klim, Filip"]
[Black "Socko, Monika"]
[Result "0-1"]
[WhiteElo "1993"]
[BlackElo "2288"]
[EventDate "2024.07.08"]
[PlyCount "86"]

1.e4 e6 2.d4 d5 3.Nd2 c5 4.exd5 Qxd5 5.Ngf3 cxd4 6.Bc4 Qd8 7.O-O Nc6 8.Nb3 Nf6 
9.Nbxd4 Nxd4 10.Nxd4 Be7 11.c3 O-O 12.Re1 a6 13.a4 Qc7 14.Qe2 b6 15.Bg5 Bd7 
16.Bxa6 Bd6 17.h3 Nd5 18.Nb5 Bxb5 19.Bxb5 h6 20.Bd2 Bc5 21.Qg4 Nf6 22.Qf3 Nd5 
23.Rad1 Rfd8 24.Qg4 Nf6 25.Qh4 Rd5 26.Bf4 Qb7 27.Be5 Rxd1 28.Rxd1 Ne4 29.Bd4 
Be7 30.Qg4 Nf6 31.Qg3 Rd8 32.Re1 Qd5 33.Qe3 Qb3 34.Bxb6 Nd5 35.Qd4 Rc8 36.Ba5 
Qxb2 37.Qd3 Bf6 38.c4 Nf4 39.Qf3 e5 40.Rd1 Qc2 41.Bc3 Ne2+ 42.Kf1 Nxc3 43.Rd7 
Qc1+ 0-1

[Event "Macieja Memorial"]
[Site "Warsaw POL"]
[Date "2024.07.08"]
[Round "8.24"]
[White "Czernek, Tymon"]
[Black "Zalega, Maciej"]
[Result "1/2-1/2"]
[WhiteElo "2253"]
[BlackElo "1922"]
[EventDate "2024.07.08"]
[PlyCount "153"]

1.e4 c5 2.Nf3 Nc6 3.d4 cxd4 4.Nxd4 Nf6 5.Nc3 d6 6.Bg5 Bd7 7.Qd2 Rc8 8.O-O-O 
Nxd4 9.Qxd4 Qa5 10.Bd2 a6 11.Kb1 Qc5 12.Qxc5 Rxc5 13.f3 g6 14.Be3 Rc8 15.Bd4 
Bg7 16.g4 h6 17.h4 Kf8 18.Be2 b5 19.a3 Be6 20.Bd3 Nd7 21.Bxg7+ Kxg7 22.Ne2 Ne5 
23.Nd4 Bc4 24.Rhg1 Bxd3 25.cxd3 Nc6 26.Nb3 a5 27.d4 a4 28.Na1 Na5 29.Nc2 Nb3 
30.Rd3 Rc7 31.Rg2 Rhc8 32.f4 Rc4 33.e5 dxe5 34.fxe5 e6 35.Rf2 R8c7 36.h5 Rd7 
37.hxg6 Kxg6 38.Rf6+ Kg7 39.Rf4 Rdc7 40.Rf2 Rd7 41.Rf4 Rdc7 42.Rf2 Kg6 43.Rf6+ 
Kg5 44.Rf2 Rd7 45.Rdf3 Nxd4 46.Nxd4 Rdxd4 47.Rxf7 Rd1+ 48.Ka2 Rcc1 49.b4 Ra1+ 
50.Kb2 Rdb1+ 51.Kc3 Rxa3+ 52.Kd4 Rxb4+ 53.Kc5 Rb1 54.Kd6 Rg3 55.Rg7+ Kh4 
56.Rh2+ Rh3 57.Ra2 a3 58.Kxe6 b4 59.Ke7 Rb2 60.Ra1 Re3 61.e6 a2 62.Rg6 b3 
63.Rxh6+ Kg5 64.Rh5+ Kxg4 65.Rhh1 Rg2 66.Rad1 b2 67.Rd4+ Kg3 68.Rdd1 b1=Q 
69.Rxb1 axb1=Q 70.Rxb1 Rge2 71.Rb6 Kf4 72.Kf7 Re5 73.Kf6 Rf5+ 74.Ke7 Rfe5 
75.Kf6 Rxe6+ 76.Rxe6 Rxe6+ 77.Kxe6 1/2-1/2

[Event "Macieja Memorial"]
[Site "Warsaw POL"]
[Date "2024.07.08"]
[Round "8.25"]
[White "Lewandowski, Rafal"]
[Black "Sriram, Jha"]
[Result "1/2-1/2"]
[WhiteElo "1940"]
[BlackElo "2191"]
[EventDate "2024.07.08"]
[PlyCount "67"]

1.e4 d6 2.d4 Nf6 3.Nc3 e5 4.dxe5 dxe5 5.Qxd8+ Kxd8 6.Bg5 Be6 7.O-O-O+ Nd7 8.Bb5 
c6 9.Ba4 Kc7 10.Bb3 Bxb3 11.axb3 h6 12.Bh4 Bc5 13.f3 Nh5 14.Nh3 g5 15.Bf2 Bxf2 
16.Nxf2 Nf4 17.g3 Ne6 18.Ne2 Rad8 19.h4 Rdg8 20.hxg5 hxg5 21.Ng4 Rxh1 22.Rxh1 
Rg7 23.Ne3 Ndf8 24.Nf5 Rh7 25.Rxh7 Nxh7 26.Kd2 Nf6 27.Ke3 Kd7 28.b4 Nc7 29.Nc1 
b6 30.Nd3 Ke6 31.Ng7+ Kd6 32.Nf5+ Ke6 33.Ng7+ Kd6 34.Nf5+ 1/2-1/2

[Event "Macieja Memorial"]
[Site "Warsaw POL"]
[Date "2024.07.08"]
[Round "8.26"]
[White "Karwowski, Kacper"]
[Black "Szarwacki, Dominik"]
[Result "1-0"]
[WhiteElo "2184"]
[BlackElo "1897"]
[EventDate "2024.07.08"]
[PlyCount "61"]

1.e4 c6 2.d4 d5 3.f3 dxe4 4.fxe4 e5 5.Nf3 Be6 6.Nc3 Nd7 7.Be2 Qc7 8.d5 Bg4 9.h3 
Bxf3 10.Bxf3 Bc5 11.Qe2 Bd4 12.Qc4 Qd8 13.Ne2 Qh4+ 14.g3 Qf6 15.Nxd4 exd4 
16.O-O Ne5 17.Qb3 Ne7 18.Bg2 Qg6 19.Bf4 f6 20.Bxe5 fxe5 21.dxc6 Nxc6 22.Qxb7 
Rb8 23.Qc7 Rf8 24.Rf5 Qe6 25.Raf1 Rf6 26.Bf3 Rb6 27.Rxf6 gxf6 28.Bg4 Qe7 
29.Qc8+ Kf7 30.Qh8 Qf8 31.Rxf6+ 1-0

[Event "Macieja Memorial"]
[Site "Warsaw POL"]
[Date "2024.07.08"]
[Round "8.27"]
[White "Kicinski, Jacek"]
[Black "Goraj, Barbara"]
[Result "0-1"]
[WhiteElo "1915"]
[BlackElo "2095"]
[EventDate "2024.07.08"]
[PlyCount "92"]

1.d4 Nf6 2.Nf3 g6 3.Bg5 Bg7 4.c3 d5 5.e3 c6 6.Bd3 O-O 7.O-O Nbd7 8.Nbd2 h6 
9.Bh4 Re8 10.e4 dxe4 11.Nxe4 Nxe4 12.Bxe4 Nf6 13.Bc2 Be6 14.Re1 Bg4 15.h3 Bxf3 
16.Qxf3 Qd5 17.Qe3 Nh5 18.Bb3 Qd6 19.g4 Nf4 20.Bg3 g5 21.Bxf4 gxf4 22.Qe4 e6 
23.Bc2 Rad8 24.h4 Kf8 25.g5 hxg5 26.hxg5 Ke7 27.g6 f6 28.Bb3 Kd7 29.Rad1 Re7 
30.c4 Rh8 31.d5 cxd5 32.cxd5 e5 33.Qa4+ Kd8 34.Qxa7 e4 35.Rc1 f3 36.Qa8+ Kd7 
37.Qxb7+ Ke8 38.Rc8+ Qd8 39.Rxd8+ Kxd8 40.Qb8+ Kd7 41.Qb7+ Kd8 42.Qb6+ Kd7 
43.Qd6+ Kxd6 44.Rc1 Ree8 45.Rc6+ Ke5 46.Kf1 Rh1# 0-1

[Event "Macieja Memorial"]
[Site "Warsaw POL"]
[Date "2024.07.08"]
[Round "8.28"]
[White "Pancewicz, Szymon"]
[Black "Janeczko, Jakub"]
[Result "0-1"]
[WhiteElo "1896"]
[BlackElo "2084"]
[EventDate "2024.07.08"]
[PlyCount "70"]

1.Nf3 c5 2.b3 Nf6 3.Bb2 g6 4.e3 Bg7 5.d4 cxd4 6.Nxd4 O-O 7.Be2 d5 8.O-O e5 
9.Nf3 e4 10.Nd4 Nc6 11.c4 Ne5 12.Nd2 Bg4 13.cxd5 Bxe2 14.Qxe2 Qxd5 15.Rfd1 Rfd8 
16.Nb5 Neg4 17.h3 Nh6 18.Nc7 Qf5 19.Nxa8 Rxa8 20.Nf1 g5 21.Ng3 Qg6 22.Rd6 g4 
23.Rad1 gxh3 24.Rd8+ Rxd8 25.Rxd8+ Bf8 26.Ba3 Nd7 27.Rxd7 Bxa3 28.Rd8+ Kg7 
29.gxh3 Bd6 30.Kg2 Bc7 31.Rd7 Bxg3 32.fxg3 Qc6 33.Rd4 Nf5 34.Qg4+ Kf6 35.Qxe4 
Qc1 0-1

[Event "Macieja Memorial"]
[Site "Warsaw POL"]
[Date "2024.07.08"]
[Round "8.29"]
[White "Fiszer, Bartosz"]
[Black "Leszczewicz, Karol"]
[Result "1-0"]
[WhiteElo "2080"]
[BlackElo "1851"]
[EventDate "2024.07.08"]
[PlyCount "59"]

1.Nf3 Nf6 2.g3 g6 3.b3 Bg7 4.Bb2 O-O 5.Bg2 d5 6.c4 c6 7.O-O Bf5 8.d3 Re8 9.Nbd2 
Qc8 10.Qc2 Bh3 11.e4 Bxg2 12.Kxg2 dxe4 13.dxe4 Nbd7 14.e5 Ng4 15.e6 Nde5 
16.Nxe5 Nxe5 17.Bxe5 Bxe5 18.Rae1 Bg7 19.f4 f5 20.Nf3 h6 21.g4 Rf8 22.Nh4 fxg4 
23.Nxg6 Re8 24.Qf5 c5 25.Qf7+ Kh7 26.Nxe7 Qc7 27.Qg6+ Kh8 28.Nf5 Rf8 29.e7 Rfe8 
30.Qxg7# 1-0

[Event "Macieja Memorial"]
[Site "Warsaw POL"]
[Date "2024.07.08"]
[Round "8.30"]
[White "Maack, Kjartan"]
[Black "Hury, Tymoteusz"]
[Result "1-0"]
[WhiteElo "2030"]
[BlackElo "1846"]
[EventDate "2024.07.08"]
[PlyCount "93"]

1.c4 g6 2.Nc3 Bg7 3.g3 d6 4.Bg2 Nc6 5.e4 e5 6.Nge2 Be6 7.d3 Nge7 8.O-O Qd7 
9.Nd5 O-O 10.Rb1 a5 11.Be3 f5 12.Qd2 Nd4 13.Nxd4 exd4 14.Bh6 Bxd5 15.Bxg7 Kxg7 
16.cxd5 c6 17.dxc6 bxc6 18.Rbc1 Rab8 19.b3 fxe4 20.dxe4 c5 21.Qxa5 Ra8 22.Qd2 
Ra3 23.Rc2 Nc6 24.f4 Nb4 25.Rb2 Qa7 26.e5 dxe5 27.fxe5 Rxf1+ 28.Bxf1 Rxa2 
29.Bc4 Ra1+ 30.Kf2 Qb7 31.Qf4 Qe7 32.Re2 Ra2 33.Rxa2 Nxa2 34.g4 Nb4 35.g5 Qf8 
36.Qf6+ Qxf6+ 37.gxf6+ Kf8 38.Kf3 Nc6 39.Ke4 d3 40.Bxd3 Nd8 41.Bc4 Ke8 42.Kd5 
Nf7 43.Ke6 Ng5+ 44.Kd6 Ne4+ 45.Kd5 Ng5 46.e6 h5 47.Bb5+ 1-0

[Event "Macieja Memorial"]
[Site "Warsaw POL"]
[Date "2024.07.08"]
[Round "8.31"]
[White "Kryston, Aleksander"]
[Black "Grochulski, Grzegorz"]
[Result "0-1"]
[WhiteElo "1737"]
[BlackElo "2023"]
[EventDate "2024.07.08"]
[PlyCount "44"]

1.d4 d6 2.c4 e5 3.d5 f5 4.Nc3 Nf6 5.Bg5 h6 6.Bxf6 Qxf6 7.e4 g6 8.Bd3 Bg7 9.Nge2 
a5 10.a3 O-O 11.f3 b6 12.b4 axb4 13.axb4 Rxa1 14.Qxa1 c5 15.Qa7 cxb4 16.Qxb8 
bxc3 17.Nxc3 Qg5 18.Qxd6 Qe3+ 19.Ne2 Qxd3 20.Qxg6 Qb1+ 21.Kf2 Qxh1 22.exf5 Bxf5 0-1

[Event "Macieja Memorial"]
[Site "Warsaw POL"]
[Date "2024.07.08"]
[Round "8.32"]
[White "Kaminski, Maciej"]
[Black "Galczynski, Maksymilian"]
[Result "1-0"]
[WhiteElo "2019"]
[BlackElo "1790"]
[EventDate "2024.07.08"]
[PlyCount "90"]

1.Nf3 Nf6 2.g3 g6 3.Bg2 Bg7 4.O-O O-O 5.d4 d6 6.c4 c6 7.Nc3 Re8 8.Bf4 Nbd7 9.e4 
Nh5 10.Bg5 h6 11.Bd2 e5 12.d5 a5 13.Qc1 Kh7 14.Rd1 Nc5 15.dxc6 bxc6 16.Be3 Ne6 
17.Qd2 Bf8 18.c5 dxc5 19.Qxd8 Rxd8 20.Nxe5 Nd4 21.Bxd4 cxd4 22.Nxc6 Rd6 23.e5 
Rxc6 24.Bxc6 Ra6 25.Bb5 dxc3 26.Bxa6 cxb2 27.Bxc8 bxa1=Q 28.Rxa1 Bb4 29.Rc1 Kg7 
30.Bg4 f5 31.Bxh5 gxh5 32.f4 Kf7 33.Rc6 Kg7 34.Kf2 h4 35.gxh4 h5 36.Kf3 Be1 
37.Rf6 Bxh4 38.Rxf5 Kg6 39.Rf8 Be7 40.Ra8 Bb4 41.Ke4 Kf7 42.f5 h4 43.Ra7+ Ke8 
44.e6 Bd6 45.f6 Bb8 1-0

[Event "Macieja Memorial"]
[Site "Warsaw POL"]
[Date "2024.07.08"]
[Round "8.33"]
[White "Kotowicz, Kamil"]
[Black "Rajlich, Iweta"]
[Result "0-1"]
[WhiteElo "1892"]
[BlackElo "2379"]
[EventDate "2024.07.08"]
[PlyCount "78"]

1.d4 e6 2.Nf3 c5 3.c3 b6 4.e4 Bb7 5.Bd3 Nf6 6.Qe2 Nc6 7.O-O cxd4 8.Nxd4 Ne5 
9.Bc2 Rc8 10.f4 Nc4 11.Nd2 Nxd2 12.Bxd2 Bc5 13.Rac1 a6 14.Kh1 d5 15.e5 Ne4 
16.Bxe4 dxe4 17.Be3 O-O 18.Nb3 Qd3 19.Rfe1 Bxe3 20.Qxe3 Rfd8 21.Nd4 Qxe3 
22.Rxe3 Rxd4 23.Rce1 Rd2 24.R3e2 Rcd8 25.h3 f5 26.exf6 gxf6 27.Kh2 f5 28.Kg3 
Kf7 29.Kh4 Kf6 30.g4 e5 31.fxe5+ Kxe5 32.gxf5 Kxf5 33.Rf1+ Ke5 34.Re3 R2d3 
35.Re2 Bc8 36.Rh1 Bf5 37.Rg2 R8d6 38.Rg5 Rh6+ 39.Rh5 Rxh5+ 0-1

[Event "Macieja Memorial"]
[Site "Warsaw POL"]
[Date "2024.07.08"]
[Round "8.34"]
[White "Bartodziej, Bartosz"]
[Black "Krasenkow, Michal"]
[Result "0-1"]
[WhiteElo "1876"]
[BlackElo "2376"]
[EventDate "2024.07.08"]
[PlyCount "55"]

1.e4 g6 2.d4 Bg7 3.Nc3 c6 4.Nf3 d6 5.a4 Nf6 6.Bc4 d5 7.Bd3 Bg4 8.e5 Nfd7 9.h3 
Bxf3 10.Qxf3 e6 11.O-O O-O 12.Qe2 c5 13.dxc5 Nxe5 14.Bf4 Nbd7 15.b4 Nc6 16.Ra3 
Nxb4 17.Bd6 Re8 18.Nb5 Na6 19.Rb1 Ndxc5 20.Bxc5 Nxc5 21.Nc3 Bxc3 22.Rxc3 Nxa4 
23.Ra3 Nc5 24.Bb5 Re7 25.Qe3 Qd6 26.Be2 d4 27.Qf3 e5 28.Qg3 0-1

[Event "Macieja Memorial"]
[Site "Warsaw POL"]
[Date "2024.07.08"]
[Round "8.35"]
[White "Pawlowski, Maciej"]
[Black "Mulawa, Cyprian"]
[Result "0-1"]
[WhiteElo "1872"]
[BlackElo "2178"]
[EventDate "2024.07.08"]
[PlyCount "82"]

1.e4 Nc6 2.Nf3 d6 3.Bc4 Nf6 4.d3 g6 5.O-O Bg7 6.c3 O-O 7.a4 e5 8.Nbd2 Kh8 9.b4 
Be6 10.b5 Ne7 11.Bxe6 fxe6 12.Qb3 Qd7 13.Ng5 d5 14.Re1 Nh5 15.Ndf3 h6 16.Nh3 
Rxf3 17.gxf3 Rf8 18.Kg2 g5 19.Ng1 Ng6 20.Kf1 Qf7 21.Be3 Nh4 22.Qd1 Nf4 23.d4 
dxe4 24.fxe4 Nfg2 25.Qe2 Qg6 26.dxe5 Qxe4 27.Bd4 Qd5 28.Qe4 Qc4+ 29.Qe2 Qd5 
30.Qe4 Qd7 31.Ra2 Rf4 32.Qe2 Qf7 33.Rd2 Qf5 34.Be3 Qh3 35.Rd8+ Kh7 36.Qd3+ Rf5 
37.Ke2 Qxh2 38.Rd7 Ng6 39.Rd1 N2f4+ 40.Bxf4 Nxf4+ 41.Ke3 Nxd3 0-1

[Event "Macieja Memorial"]
[Site "Warsaw POL"]
[Date "2024.07.08"]
[Round "8.36"]
[White "Kalus, Franciszek"]
[Black "Rekuc, Patryk"]
[Result "0-1"]
[WhiteElo "1857"]
[BlackElo "2131"]
[EventDate "2024.07.08"]
[PlyCount "68"]

1.d4 Nf6 2.c4 e6 3.Nf3 b6 4.g3 Ba6 5.b3 Bb4+ 6.Bd2 Be7 7.Bg2 Bb7 8.O-O O-O 
9.Bc3 d5 10.Nbd2 Nbd7 11.Rc1 c5 12.cxd5 Nxd5 13.Bb2 N5f6 14.Nc4 Rc8 15.Nce5 h6 
16.Nxd7 Nxd7 17.Qd2 Bf6 18.dxc5 Bxb2 19.Qxb2 Nxc5 20.Rfd1 Qe7 21.Qa3 Ba8 22.Rc2 
Rfd8 23.Rdc1 Rb8 24.b4 Ne4 25.Rc7 Qf6 26.Qxa7 Bd5 27.Qa3 Ra8 28.Qe3 Rxa2 29.Nd4 
Ra3 30.Qf4 Qxd4 31.Qxf7+ Kh8 32.e3 Qf6 33.Qh5 Qxf2+ 34.Kh1 Nxg3+ 0-1

[Event "Macieja Memorial"]
[Site "Warsaw POL"]
[Date "2024.07.08"]
[Round "8.37"]
[White "Mizzi, Jack"]
[Black "Pietrzak, Wojciech"]
[Result "0-1"]
[WhiteElo "2127"]
[BlackElo "1870"]
[EventDate "2024.07.08"]
[PlyCount "76"]

1.d4 d5 2.c4 dxc4 3.Nf3 Nf6 4.e3 Bf5 5.Bxc4 e6 6.O-O Bd6 7.Nc3 c6 8.Bd3 Bxd3 
9.Qxd3 Nd5 10.e4 Nf4 11.Qd1 Ng6 12.Bg5 Qc7 13.e5 Be7 14.Bxe7 Qxe7 15.Ne4 O-O 
16.Qb3 Na6 17.Rac1 Nb4 18.Nd6 a5 19.a3 Nd5 20.Qxb7 Qxb7 21.Nxb7 Rfb8 22.Nd6 
Rxb2 23.Rxc6 Ngf4 24.h3 h6 25.Kh2 g5 26.Ne4 Kg7 27.Rd6 Rc8 28.Rd7 Rcc2 29.a4 
Nd3 30.Nd6 Nxf2 31.Rxf7+ Kg8 32.Rg1 Ne4 33.Ra7 Nf4 34.Ra8+ Kg7 35.Ne8+ Kg6 
36.Nd6 Rxg2+ 37.Rxg2 Rxg2+ 38.Kh1 Nf2# 0-1